Library of the University of Algiers 3
Ibrahim Sultan Cheibout
شعار جامعة الجزائر 3
مكتبة جامعة الجزائر 3
إبراهيم سلطان شيبوط

حماية المستهلك : (رقم التسجيلة. 41898)

تفاصيل مارك
000 -LEADER
fixed length control field 01849nam a2200253Ia 4500
003 - CONTROL NUMBER IDENTIFIER
control field Ost
005 - DATE AND TIME OF LATEST TRANSACTION
control field 20260507074937.0
008 - FIXED-LENGTH DATA ELEMENTS--GENERAL INFORMATION
fixed length control field 260507s9999||||xx |||||||||||||| ||und||
020 ## - INTERNATIONAL STANDARD BOOK NUMBER
International Standard Book Number 9789953486017
040 ## - CATALOGING SOURCE
Transcribing agency fsecg
041 ## - LANGUAGE CODE
Language code of text/sound track or separate title ara
082 ## - DEWEY DECIMAL CLASSIFICATION NUMBER
Classification number 343.071;343.8
100 ## - MAIN ENTRY--PERSONAL NAME
Personal name ابراهيم، عبد المنعم موسى
Relator term مؤلف
245 #0 - TITLE STATEMENT
Title حماية المستهلك :
Remainder of title دراسة مقارنة /
Statement of responsibility, etc. عبد المنعم موسى ابراهيم
260 ## - PUBLICATION, DISTRIBUTION, ETC.
Place of publication, distribution, etc. بيروت:
Name of publisher, distributor, etc. منشورات الحلبي,
Date of publication, distribution, etc. 2007
300 ## - PHYSICAL DESCRIPTION
Extent 640 صفحة؛
Other physical details إيضاحات ؛
Dimensions 24 سم
504 ## - BIBLIOGRAPHY, ETC. NOTE
Bibliography, etc. note بيبليوغرافيا ص.591؛ ملاحق ص.607
520 ## - SUMMARY, ETC.
Summary, etc. دراسة النصوص الاتجاهات التقليدية لحماية المستهلك الحماية العامة للمستهلك ، النصوص الدولية والمدنية وحماية المستهلك ، النصوص الجزائية وحماية المستهلك الحماية غير مباشرة للمستهلك ، الحماية الفنية والمهنية للمستهلك ، الحماية الاجزائية للمستهلك -الاتجاهات الحديثة لحماية المستهلك وهل يمكن الاخذ بها في كل من التشرعيين اللبناني والسوداني حماية المستهلك في فترة تكوين العقد ، حسن النية وحماية المستهلك ،حماية الحرية التعاقدية للمستهلك حماية المستهلك في فترة تنفيذ العقد ، ضمانات حماية المستهلك ، المسؤولية العقدية كوسيلة لضمان سلامة المستهلك
653 ## - INDEX TERM--UNCONTROLLED
Uncontrolled term ادارة
653 ## - INDEX TERM--UNCONTROLLED
Uncontrolled term المستهلك قوانين وتشريعات
653 ## - INDEX TERM--UNCONTROLLED
Uncontrolled term حماية المستهلك
653 ## - INDEX TERM--UNCONTROLLED
Uncontrolled term صناعة
942 ## - ADDED ENTRY ELEMENTS (KOHA)
Koha item type كتب
المقتنيات
Withdrawn status Lost status Source of classification or shelving scheme Damaged status Not for loan Home library Current library Date acquired Serial enumeration / chronology Inventory number Total checkouts Full call number Barcode Date last seen Price effective from Koha item type
    Dewey Decimal Classification   NOT LOAN / إعارة داخلية مكتبة كلية العلوم الإقتصادية والعلوم التجارية وعلوم التسيير مكتبة كلية العلوم الإقتصادية والعلوم التجارية وعلوم التسيير 07/05/2026 الطابق الأرضي 3180   أ/2739ن1 3180 07/05/2026 07/05/2026 كتب
    Dewey Decimal Classification   Available مكتبة كلية العلوم الإقتصادية والعلوم التجارية وعلوم التسيير مكتبة كلية العلوم الإقتصادية والعلوم التجارية وعلوم التسيير 07/05/2026 الطابق الأرضي 3181   أ/2739ن2 3181 07/05/2026 07/05/2026 كتب
    Dewey Decimal Classification   Available مكتبة كلية العلوم الإقتصادية والعلوم التجارية وعلوم التسيير مكتبة كلية العلوم الإقتصادية والعلوم التجارية وعلوم التسيير 07/05/2026 الطابق الأرضي 3182   أ/2739ن3 3182 07/05/2026 07/05/2026 كتب
    Dewey Decimal Classification   Available مكتبة كلية العلوم الإقتصادية والعلوم التجارية وعلوم التسيير مكتبة كلية العلوم الإقتصادية والعلوم التجارية وعلوم التسيير 07/05/2026 الطابق الثاني 3183   أ/2739ن4 3183 07/05/2026 07/05/2026 كتب
    Dewey Decimal Classification   Available مكتبة كلية العلوم الإقتصادية والعلوم التجارية وعلوم التسيير مكتبة كلية العلوم الإقتصادية والعلوم التجارية وعلوم التسيير 07/05/2026 الطابق الثاني 3184   أ/2739ن5 3184 07/05/2026 07/05/2026 كتب
    Dewey Decimal Classification   Available مكتبة كلية العلوم الإقتصادية والعلوم التجارية وعلوم التسيير مكتبة كلية العلوم الإقتصادية والعلوم التجارية وعلوم التسيير 07/05/2026 مكتبة بن عكنون 3185   أ/2739ن6 3185 07/05/2026 07/05/2026 كتب
    Dewey Decimal Classification   Available مكتبة كلية العلوم الإقتصادية والعلوم التجارية وعلوم التسيير مكتبة كلية العلوم الإقتصادية والعلوم التجارية وعلوم التسيير 07/05/2026 مكتبة بن عكنون 3186   أ/2739ن7 3186 07/05/2026 07/05/2026 كتب
    Dewey Decimal Classification   Available مكتبة كلية العلوم الإقتصادية والعلوم التجارية وعلوم التسيير مكتبة كلية العلوم الإقتصادية والعلوم التجارية وعلوم التسيير 07/05/2026 مكتبة بن عكنون 3187   أ/2739ن8 3187 07/05/2026 07/05/2026 كتب

موارد الويب المفتوحة


© University of Algiers 3 All Rights Reserved
|
Implemented by LECHELAH Riad